| 000 | 01397nam a22003737a 4500 | ||
|---|---|---|---|
| 003 | CHAP | ||
| 005 | 20220329135425.0 | ||
| 008 | 971013s1978 r 00010 d | ||
| 010 | _a36224 | ||
| 011 | _a37196 | ||
| 035 | _a41315 | ||
| 040 | _cCHAP | ||
| 090 | _aTesis | ||
| 100 | 0 | 0 |
_aPallares Ochoa, José Fernando. _984930 |
| 245 | _aDesarrollo y calibración de un modelo matemático para el acuífero del Valle del Yaqui, Sonora, Méx. | ||
| 260 |
_aChapingo, Méx. : _bEl autor, _c1978 |
||
| 300 |
_a112 h. _b: gráfs. |
||
| 502 | _aTesis (M.C. Esp. en Riego y Drenaje) -- SARH. Colegio de Postgraduados | ||
| 590 |
_aALEPH _b10 _c20130110 _lUCH01 _h1301 |
||
| 590 |
_aBATCH-UPD _b10 _c20130109 _lUCH01 _h2310 |
||
| 590 |
_aBATCH-UPD _b10 _c20130110 _lUCH01 _h1121 |
||
| 590 |
_aBATCH-UPD _b10 _c20130409 _lUCH01 _h1827 |
||
| 590 |
_aBATCH-UPD _b10 _c20130410 _lUCH01 _h0711 |
||
| 590 |
_aBATCH-UPD _b10 _c20130914 _lUCH01 _h1821 |
||
| 590 |
_aCONVERSION _b10 _c20130109 _lUCH01 _h1320 |
||
| 650 | 1 | 4 |
_aAgua subterranea _xSonora. _92480 |
| 650 | 1 | 4 |
_aModelos matemáticos. _976419 |
| 710 | 0 |
_aMéxico. Secretaría de Agricultura y Recursos Hidráulicos. Colegio de Postgraduados. Rama de Riego y Drenaje. _977123 |
|
| 901 | _aBK | ||
| 942 | _cFOLL | ||
| 949 |
_bBC _cTES _d-94538 _eTS1 _i41315 _si |
||
| 949 |
_bBC _cTES _d-94539 _eTS2 _fc.2 _i41315 _si |
||
| 949 |
_bBC _cTES _d-94540 _eTS2 _fc.3 _i41315 _si |
||
| 999 |
_c36224 _d36224 |
||